logo

Bir Sreshtho Munshi Abdur Rouf Library
Jhenaidah Cadet College

উচ্চ মাধ্যমিক আধুনিক রসায়ন : (Record no. 8301)

MARC details
000 -LEADER
fixed length control field 00983nam a22002417a 4500
001 - CONTROL NUMBER
JCCL Control Number 8301
003 - CONTROL NUMBER IDENTIFIER
JCCL marc code BD-JhCC
005 - DATE AND TIME OF LATEST TRANSACTION
control field 20180925173458.0
008 - FIXED-LENGTH DATA ELEMENTS--GENERAL INFORMATION
fixed length control field 180220s1995 a|||| |||| 00| 0 d
035 ## - SYSTEM CONTROL NUMBER
system control number (BD-JhCC)8301
040 ## - CATALOGING SOURCE
Original cataloging agency BD-JhCC
Modifying agency BD-JhCC
041 ## - LANGUAGE CODE
Language code of Book eng
082 ## - DEWEY DECIMAL CLASSIFICATION NUMBER
Classification number 540
Author mark and Year AHM 1995
100 ## - MAIN ENTRY--PERSONAL NAME
Personal name আহমেদ, সায়েনউদ্দিন
245 ## - TITLE STATEMENT
Title উচ্চ মাধ্যমিক আধুনিক রসায়ন :
Number of part/section of a work অজৈবঃ ভৌত, অধাতু ও ধাতু /
Statement of responsibility, etc সায়েনউদ্দিন আহমেদ ও মোঃ আব্দুল ওয়াদুদ
260 ## - PUBLICATION, DISTRIBUTION, ETC. (IMPRINT)
Place of publication, distribution, etc ঢাকা :
Name of publisher, distributor, etc বাংলাদেশ বুক করপোরেশন লিঃ,
Date of publication, distribution, etc ১৯৯৫.
300 ## - PHYSICAL DESCRIPTION
Pagination ৬৪০ পৃ. :
Other physical details ill.;
Dimensions ২৪ সেমি.
504 ## - BIBLIOGRAPHY, ETC. NOTE
Bibliography, etc Includes Illustration
650 ## - SUBJECT ADDED ENTRY--TOPICAL TERM
Topical term or geographic name as entry element Chemistry
700 ## - ADDED ENTRY--PERSONAL NAME
Personal name ওয়াদুদ, মোঃ আব্দুল
942 ## - ADDED ENTRY ELEMENTS (KOHA)
Source of classification or shelving scheme Dewey Decimal Classification
Koha item type Books
Holdings
Source of classification or shelving scheme Damaged status Not for loan Home library Current library Shelving location Cost, normal purchase price Total Checkouts Full call number Barcode Date last seen Copy number Koha item type
Dewey Decimal Classification     JCC Rouf Library JCC Rouf Library General Stacks 250.00   540 AHM 1995 10910 02/20/2018 C-1 Books
Dewey Decimal Classification     JCC Rouf Library JCC Rouf Library General Stacks 250.00   540 AHM 1995 11748 03/04/2018 C-2 Books

JCC Library | Contacts | JCC Home

Last Update on 23 September 2017
Copyright @ 2017-2020 JCC Rouf Library
Rouf Library, Jhenidah Cadet College (JCC), Bangladesh